01262nam a2200217 i 4500001000700000003000900007005001700016008004100033100002300074245011800097260003600215300002000251490002000271505060100291650004000892650002300932700002500955700001900980830002000999852002501019187781ES-MaACL20230906223028.0180221m19691970sp |||| | spa d1 aMaertens, Thierry.10aNueva guía de la asamblea cristiana / cThierry Maertens y Jean Frisque ; [traducción de Florentino Pérez]. aMadrid : bMarova, c1969-1970. a8 v. ; c21 cm.1 aChristus Pastor8 aI. Primer domingo de Adviento al primer domingo de Epifanía (329 p.) - II. Primera a octava semanas y segundo a octavo domingos. Tiempo "per anuum" (373 p.) - III. Semana de Ceniza a Domingo de Pascua (327 p.) - IV. Tiempo Pascual, Trinidad, Corpus Christi, Sagrado Corazón (357 p.) - V. 9º a 21º domingo después de Pentecostés (327 p.) - VI. 9ª a 21ª primera semana tiempo "per annum" (325 p.) - VII. Vigésimo segundo al trigésimo cuarto domingo después de Pentecostés (321 p.) - VIII. Vigésimo segunda a trigésimocuarta y última semana. Tiempo "per annum" (297 p.)04aSermones para el año litúrgico.04aAño litúrgico.1 aPérez, Florentino.1 aFrisque, Jean.0 aChristus Pastor aES-MaACLjC-55248-55